00509nam a2200193Ia 4500003000400000005001700004008004100021040000700062041000800069082001900077100003700096245004500133260005400178300001000232365001300242440000900255650002900264650002200293OSt20230522155739.0210423s2002 xx 000 0 und d cAL aeng a323 223bIIHR aINDIAN INSTITUTE OF HUMAN RIGHTS aInternational provisions of human rights aNew DelhibIndian Institute of Human Rightsc2002 a1,184 b250cINR v4D.1 aCivil & Political Rights aPolitical Science